| 000 | 01133nam a2200265Ia 4500 | ||
|---|---|---|---|
| 003 | OSt | ||
| 005 | 20220923211259.0 | ||
| 006 | a|||||r|||| 00| 0 | ||
| 007 | ta | ||
| 008 | 220922b |||||||| |||| 00| 0 hin d | ||
| 020 |
_a9788179171103 (hbk) _c575 |
||
| 024 | _a262,144 | ||
| 037 |
_b70, 02/07/2012, Eastern Book Linkers _cTextual |
||
| 040 |
_aARTS _cARTS _bhin |
||
| 041 |
_2hin _ahin |
||
| 082 | _aV2:3(Q).N5, 152P8 | ||
| 100 |
_aहसन, मुशीरूल; प्रधान, गोपाल, अनु. _9160142 |
||
| 245 | 0 |
_aभारत में राष्ट्रवाद और सांप्रदायिक राजनिति _b 1885-193 |
|
| 246 | _aBhārat mean rāṣhṭravād aur sāanpradāyik rājaniti: 1885-1930 | ||
| 260 |
_aदिल्ली _b ग्रंथ शिल्पी _c2008 |
||
| 300 |
_a336पृ. _ccm. |
||
| 650 | _aविश्व-इतिहास | ||
| 942 |
_hV2:3(Q).N5, 152P8 _cTEXL _2CC |
||
| 999 |
_c298099 _d298099 |
||